Manual de engranajes: diseño, manufactura y aplicación de engranajes

Guardat en:
Dades bibliogràfiques
Autor principal: Dudley, Darle W (Autor)
Format: Llibre
Idioma:espanyol
Publicat: Ciudad de México Continental 1973
Matèries:
Etiquetes: Afegir etiqueta
Sense etiquetes, Sigues el primer a etiquetar aquest registre!

MARC

LEADER 00000nam a2200000 a 4500
001 UCP2335
003 CL-VaPUC
008 990514e19730000MX |||||||||||||||||spa|d
082 0 4 |a 621.83  |b DUD  |2 21 
100 0 |a Dudley, Darle W  |e author  |9 429016 
245 1 0 |a Manual de engranajes: diseño, manufactura y aplicación de engranajes 
300 |a 944 p 
942 |c BK 
945 |d 19990514 00:00:00  |a cmena 
260 |a Ciudad de México  |b Continental  |c 1973 
650 0 |a Diseño de máquinas   |9 271533 
650 7 |a MECANICA INDUSTRIAL  |2 CL-VaPUC  |9 429017 
650 0 |a Ingeniería mecánica   |9 262089 
650 7 |a ELEMENTOS DE MAQUINAS  |2 CL-VaPUC  |9 429018 
650 0 |a Engranajes   |9 271783 
583 |a last modification  |c 19990514 00:00:00  |k Rodrigo Vera 
999 |c 280886  |d 280884 
952 |0 0  |1 0  |4 0  |6 621_830000000000000_DUD_1973  |7 0  |8 A  |9 321412  |a BIBMEC  |b BIBMEC  |d 2019-11-20  |i 1499416  |o 621.83 DUD 1973  |p 1499416  |r 2024-01-19  |w 2019-11-20  |y BK  |k MEC